000 00303nam a22001337a 4500
008 170216b xxu||||| |||| 00| 0 eng d
020 _a9781418000561
041 _aeng
080 _a61
100 _a4
101 _aSHM
245 _aMERRIAM WEBTERS MEDICAL DESK DICTIONARY
_cDIRCKX.H
942 _2udc
_cBK
999 _c5673
_d5673